| 000 | 00519nam a2200181Ia 4500 | ||
|---|---|---|---|
| 999 |
_c34607 _d34607 |
||
| 003 | OSt | ||
| 005 | 20200917143801.0 | ||
| 008 | 190216s9999||||xx |||||||||||||| ||und|| | ||
| 020 | _a9788122301526 | ||
| 040 | _coclc | ||
| 082 |
_a621.381 _bMAI/E |
||
| 100 |
_aMaini, Anil K _94539 |
||
| 245 | 0 |
_a50 Electronics Projects For Beginners / _cAnil K Maini |
|
| 260 |
_bPusthak Mahal, _c2013. _aNew Delhi: |
||
| 300 | _a295p | ||
| 650 | _aPhysics | ||
| 942 |
_cBK _2ddc _h621.381 _iMAI/E _k621.381 _mMAI/E |
||